mysqli: Table './ulib62015/stat_globaluid' is marked as crashed and should be repaired
select id from stat_globaluid where statuid='20260517143453_3793'
mysqli: Table './ulib62015/stat_globaluid' is marked as crashed and should be repaired
DELETE FROM stat_globaluid
WHERE id NOT IN (
SELECT id
FROM (
SELECT id
FROM stat_globaluid
ORDER BY id DESC
LIMIT 100
) foo
);
mysqli: Table './ulib62015/stat_globaluid' is marked as crashed and should be repaired
insert into stat_globaluid set
statuid='20260517143453_3793',
dt='1779003293',
phpself='/ULIB62015/dublinfull.php',
agent='Mozilla/5.0 AppleWebKit/537.36 (KHTML, like Gecko; compatible; ClaudeBot/1.0; +claudebot@anthropic.com)',
yea='2026',
mon='5',
dat='17',
ip='216.73.216.45'
mysqli: Table './ulib62015/stathist_viewbib_bib_type' is marked as crashed and should be repaired
insert into stathist_viewbib_bib_type set
dat='17' ,
mon='05' ,
yea='2026' ,
statuid='20260517143453_3793' ,
head='13399120523' ,
foot='marc' ,
dt='1779003293'
| LEADER : 00000nam 2200000uu 4500 |
| 008 130202s||||||||th 000 0 tha d |
| 020 ^a9786160811632
|
| 050 4 ^aHF5548.4.M525^bน431ส
|
| 100 0 ^aนันรณา จำลอง
|
| 245 10 ^aสร้างกราฟด้วย Excel Word PowerPoint 2010 ด้วยตนเอง /^cนันรณา จำลอง
|
| 260 ^aกรุงเทพฯ :^bซีเอ็ดยูเคชั่น,^c2555
|
| 300 ^a263 หน้า :^bภาพประกอบ
|
| 650 7 ^aไมโครซอฟต์ออฟฟิศ 2010 (โปรแกรมคอมพิวเตอร์)^xกราฟ
|
| 650 7 ^aไมโครซอฟต์เอ็กเซล 2010 (โปรแกรมคอมพิวเตอร์)^xกราฟ
|
| 650 7 ^aไมโครซอฟต์เวิร์ด 2010 (โปรแกรมคอมพิวเตอร์)^xกราฟ
|
| 650 7 ^aไมโครซอฟต์พาวเวอร์พอยท์ 2010 (โปรแกรมคอมพิวเตอร์)^xกราฟ
|
| 945 ^p190^l0^i020408
|
| 945 ^p0^l0^i020409
|
| 945 ^p0^l0^i020410
|
| 945 ^p0^l0^i020426
|
| 945 ^p0^l0^i020427 |
| 999 ^aยมมะณา จันทร์ฉิม
|
| คุณยังไม่ได้ล็อกอิน คุณสามารถมีกิจกรรมร่วมกับเว็บไซต์ได้ แต่ต้องล็อกอินก่อน :: |
|
|
|
รายการใกล้เคียง
ผู้แต่ง [นันรณา จำลอง]
|
|
ยังไม่เคยถูกคอมเมนท์
|
| คอมเมนท์ทรัพยากรรายการนี้ |
|